000 00792nam a2200241 i 4500
001 146307
003 ES-MaACL
005 20230906201503.0
007 t|
008 070906s1967 sp ||||1| spa d
080 _a738(38:365)
100 1 _aTrías de Arribas, Gloria.
_9111373
245 1 0 _aCerámicas griegas de la Península Ibérica /
_cGloria Trías de Arribas.
260 _aValencia :
_b[s.n.],
_c1967 (
_fImp. Domenech)
300 _a1 v. ;
_c28 cm.
490 1 _aPublicaciones de Arqueología Hispánica
500 _aEs el tomo I.
650 4 _aCerámica griega-
_zPenínsula Ibérica.
_910895
710 2 _aArqueología Hispánica.
_91489
830 0 _aPublicaciones de Arqueología Hispánica
_9220829
852 _aES-MaACL
_jP-1309
_bR.65389
999 _c146307
_d146307